| 000 | 00795cas a2200229 a 4500 | ||
|---|---|---|---|
| 001 | L03404560 | ||
| 008 | 1872 gw b | ||
| 022 | 1 | _a1618-8950 | |
| 035 | _a(Sirsi) u98903 | ||
| 041 | 0 | _ager | |
| 110 | 2 |
_aDeutscher Verein fur Vermessungswesen e.V. _bGesellschaft fur Geodasie, Geoinformation und Landmanagement _95247 |
|
| 245 | 0 | 0 |
_aZFV _bZeitschrift fur Geodasie, Geoinformation und Landmanagement |
| 260 |
_aS.l. _bDVW _c[1872]- |
||
| 362 | 0 | _a128(5) October 2003- | |
| 520 | _aNo physical copy in the RICS collection | ||
| 651 | 4 |
_aDeutschland = Germany _y1990- |
|
| 690 | _aENVIRONMENTAL AND LAND CONSULTANCY-GEOMATICS | ||
| 690 |
_aGeomatics _96242 |
||
| 856 |
_uhttps://geodaesie.info/zfv _zAccess ZFV online |
||
| 942 |
_n0 _2ddc |
||
| 948 | _c18/08/1994 | ||
| 999 |
_c118571 _d118571 |
||